| 000 | 00707cam a2200265Ia 4500 | ||
|---|---|---|---|
| 001 | 46217 | ||
| 005 | 20230410130853.0 | ||
| 008 | 941115s1987 sp 000 0 spa d | ||
| 035 | _a(OCoLC)ocm31459621 | ||
| 040 |
_aCOD _cCOD |
||
| 020 | _a8485120418 | ||
| 020 | _a9788485120413 | ||
| 035 | _a(OCoLC)31459621 | ||
| 050 | 1 | 4 |
_aPQ 6660 _bJ22r 1987 |
| 049 | _aGRAL | ||
| 100 | 1 |
_aJaén Avila, Juan María, _d1936- |
|
| 245 | 1 | 3 |
_aEl río nace y muere en Sevilla / _cJuan María Jaén Avila. |
| 250 | _a1. ed. | ||
| 260 |
_aMadrid : _bLibros Dante, _c1987. |
||
| 300 |
_a45 p. ; _c21 cm. |
||
| 440 | 0 |
_aPuerta del Sol/poesía ; _v11 |
|
| 942 |
_2lcc _cbk |
||
| 946 | _ajoacosta | ||
| 994 |
_aC0 _bDRFGD |
||
| 999 |
_c81818 _d81818 |
||